| 000 | 01144nam a2200349 4500 | ||
|---|---|---|---|
| 003 | OSt | ||
| 005 | 20260530115311.0 | ||
| 008 | 260508b2004 sp a|||| |||| 00| 0 spa d | ||
| 020 | _a8496099539 | ||
| 020 | _a9788496099531 | ||
| 040 |
_aICI _bspa _cICI |
||
| 041 | _aspa | ||
| 050 |
_aNK2736 _bM3713 |
||
| 100 | 1 |
_aMarín, Eva, _eautor |
|
| 240 |
_aSólo sofás. _lInglés |
||
| 245 | 1 | 0 |
_aOnly Sofas ; _bover 1000 new models from around the world / _cby Eva Marín ; translations Mark Holloway, Margarida Ribeiro, David Sutcliffe |
| 264 | 1 |
_aBarcelona : _bAtrium Group, _c2004 |
|
| 300 |
_a278 páginas : _bilustraciones |
||
| 336 |
_atexto _2rdacontent |
||
| 337 |
_asin medio _2rdamedia |
||
| 338 |
_avolumen _2rdacarrier |
||
| 500 | _aTítulo de la Cubierta | ||
| 500 | _aTraducción de: Sólo sofás | ||
| 500 | _aIncluye directorio de diseñadores | ||
| 650 | 4 |
_aSofás _932763 |
|
| 650 | 4 | _aDiseño de muebles | |
| 650 | 4 | _aDiseñadores de muebles | |
| 700 | 1 |
_aHolloway, Mark, _etraductor _932766 |
|
| 700 | 1 |
_aRibeiro, Margarida, _etraductor _932767 |
|
| 700 | 1 |
_aSutcliffe, David, _etraductor _932768 |
|
| 942 |
_2lcc _cBK _n1 |
||
| 999 |
_c13339 _d13339 |
||